[Event "4NCL Online Division 1"]
[Site "online"]
[Date "2021.03.09"]
[EventDate "2021.03.09"]
[Round "4.124"]
[White "Chapman, Terry P D"]
[WhiteTitle "FM"]
[WhiteElo "2223"]
[WhiteTeam "Barbican"]
[Black "Roy, Ali"]
[BlackElo "1919"]
[BlackTeam "Alba Bon Accord 1"]
[Result "1-0"]
[PlyCount "107"]

1. Nf3 d5 2. d4 Nf6 3. c4 e6 4. g3 Be7 5. Bg2 O-O 6. O-O Nbd7 7. Qc2 c6 8. Rd1 b6 9. b3 Bb7 10. Nc3 Rc8 11. e4 dxe4 12. Ng5 c5 13. d5 exd5 14. cxd5 Ne5 15. Ngxe4 Nxe4 16. Nxe4 c4 17. bxc4 Nxc4 18. Qb3 f5 19. Nd2 Na5 20. Qd3 Bf6 21. Rb1 Qd7 22. Nf1 Rc3 23. Qb5 Rd8 24. Ne3 Rc5 25. Qxd7 Rxd7 26. Ba3 Rcc7 27. d6 Rc3 28. Bb2 Bxg2 29. Bxc3 Bxc3 30. Kxg2 g6 31. Rbc1 Be5 32. Rd5 Bf6 33. Rc7 Rd8 34. Rxa7 Nc6 35. Rc7 Nb4 36. Rd2 Be5 37. Nc4 Bc3 38. Rd1 b5 39. Na3 Be5 40. Nxb5 Nxa2 41. f4 Bf6 42. d7 Kf7 43. Nd4 Nb4 44. Nc6 Nxc6 45. Rxc6 Be7 46. Rc8 Ke6 47. Rxd8 Bxd8 48. Kf3 h6 49. h4 Ke7 50. Rd3 Bb6 51. Ke2 Kd8 52. Rd6 Bc5 53. Rxg6 Kxd7 54. Rxh6 {[W: 0:02:35; B: 0:00:27]} 1-0

[Event "4NCL Online Division 1"]
[Site "online"]
[Date "2021.03.09"]
[EventDate "2021.03.09"]
[Round "4.131"]
[White "Roberson, Peter T"]
[WhiteTitle "IM"]
[WhiteElo "2520"]
[WhiteTeam "Celtic Tigers & Sharks"]
[Black "Rudd, Jack"]
[BlackTitle "IM"]
[BlackElo "2363"]
[BlackTeam "Exeter Honey Badgers"]
[Result "1-0"]
[PlyCount "53"]

1. e4 c5 2. c3 d5 3. exd5 Nf6 4. Nf3 Nxd5 5. d4 cxd4 6. Nxd4 e6 7. Bd3 Bd6 8. O-O Nd7 9. Re1 O-O 10. Nd2 N7f6 11. Nc4 Bb8 12. Qf3 Qc7 13. Ne5 Nd7 14. Qh3 g6 15. Nxd7 Bxd7 16. Qh4 e5 17. Bh6 Qd8 18. Bg5 f6 19. Bc4 fxg5 20. Bxd5+ Kg7 21. Qe4 exd4 22. Bxb7 Qc7 23. g3 dxc3 24. Qd4+ Kh6 25. Bxa8 c2 26. Rac1 a5 27. Re7 {[W: 0:09:50; B: 0:39:35]} 1-0

[Event "4NCL Online Division 1"]
[Site "online"]
[Date "2021.03.09"]
[EventDate "2021.03.09"]
[Round "4.132"]
[White "O'Neill, Paul"]
[WhiteElo "2145"]
[WhiteTeam "Exeter Honey Badgers"]
[Black "Reimanis, Ritvars"]
[BlackTitle "IM"]
[BlackElo "2507"]
[BlackTeam "Celtic Tigers & Sharks"]
[Result "1/2-1/2"]
[PlyCount "74"]

1. d4 Nf6 2. Bf4 e6 3. e3 d5 4. Nd2 Bd6 5. Bg3 O-O 6. Ngf3 c5 7. c3 Qc7 8. dxc5 Qxc5 9. Bd3 b6 10. e4 Bxg3 11. hxg3 Ba6 12. Bxa6 Nxa6 13. e5 Nd7 14. Qc2 g6 15. Qa4 Qc8 16. Qh4 h5 17. g4 Qd8 18. Qg3 h4 19. Rxh4 Kg7 20. O-O-O Rh8 21. Rdh1 Rxh4 22. Rxh4 Qe7 23. Qf4 Rh8 24. Rxh8 Kxh8 25. Qh6+ Kg8 26. Kc2 Nab8 27. Ng5 Nf8 28. f4 Nc6 29. Ngf3 b5 30. Qh4 Qc7 31. f5 exf5 32. gxf5 Nxe5 33. Qg3 f6 34. fxg6 Qg7 35. Nd4 a6 36. Nf5 Qxg6 37. Qxg6+ Nfxg6 {[W: 0:04:55; B: 0:19:28]} 1/2-1/2

[Event "4NCL Online Division 1"]
[Site "online"]
[Date "2021.03.09"]
[EventDate "2021.03.09"]
[Round "4.133"]
[White "Rendle, Thomas E"]
[WhiteTitle "IM"]
[WhiteElo "2392"]
[WhiteTeam "Celtic Tigers & Sharks"]
[Black "Hampton, Paul D J"]
[BlackElo "2031"]
[BlackTeam "Exeter Honey Badgers"]
[Result "1-0"]
[PlyCount "55"]

1. e4 c5 2. Nf3 g6 3. Bc4 Nf6 4. d3 Nc6 5. Nc3 d6 6. O-O Bg7 7. h3 O-O 8. a3 a6 9. Ba2 b5 10. Bg5 e6 11. Qd2 Qc7 12. Bh6 b4 13. axb4 cxb4 14. Ne2 d5 15. exd5 Nxd5 16. Ng3 Bb7 17. Bxg7 Kxg7 18. Bxd5 exd5 19. Qg5 f5 20. Nh5+ Kh8 21. Nf4 Qf7 22. Qh6 Rae8 23. Ng5 Qg8 24. Rae1 Nd8 25. Re7 Rxe7 26. Nxg6+ Qxg6 27. Qxf8+ Qg8 28. Qxe7 {[W: 0:14:25; B: 0:08:51]} 1-0

[Event "4NCL Online Division 1"]
[Site "online"]
[Date "2021.03.09"]
[EventDate "2021.03.09"]
[Round "4.134"]
[White "Homer, Stephen J"]
[WhiteElo "1978"]
[WhiteTeam "Exeter Honey Badgers"]
[Black "Daskalov, Dimitar"]
[BlackElo "2405"]
[BlackTeam "Celtic Tigers & Sharks"]
[Result "0-1"]
[PlyCount "80"]

1. e4 e5 2. Bc4 Nf6 3. d3 Nc6 4. Nf3 Bc5 5. c3 O-O 6. O-O d5 7. exd5 Nxd5 8. Re1 Bg4 9. h3 Bh5 10. Nbd2 Bb6 11. Nf1 f6 12. Ne3 Bf7 13. Nxd5 Bxd5 14. Qb3 Bxc4 15. Qxc4+ Kh8 16. b4 Qd7 17. Be3 Rad8 18. Bxb6 axb6 19. Rad1 Rfe8 20. Rd2 Qf5 21. b5 Na5 22. Qxc7 Qe6 23. Nd4 Qd7 24. Qxd7 Rxd7 25. f4 Rc8 26. fxe5 fxe5 27. Rxe5 h6 28. Ne2 Nc4 29. dxc4 Rxd2 30. Nf4 Rxc4 31. Re8+ Kh7 32. Ne6 Kg6 33. Rb8 Kf6 34. Nd8 Rxc3 35. Nxb7 Rcc2 36. a4 Rxg2+ 37. Kh1 Rgd2 38. Rf8+ Ke7 39. Rf1 Rh2+ 40. Kg1 Rcg2# {[W: 0:08:49; B: 0:13:59]} 0-1

[Event "4NCL Online Division 1"]
[Site "online"]
[Date "2021.03.09"]
[EventDate "2021.03.09"]
[Round "4.141"]
[White "Gourlay, Iain"]
[WhiteTitle "FM"]
[WhiteElo "2397"]
[WhiteTeam "Alba"]
[Black "Ryan, Joseph"]
[BlackTitle "FM"]
[BlackElo "2299"]
[BlackTeam "St Benildus A"]
[Result "0-1"]
[PlyCount "110"]

1. c4 e5 2. g3 Nc6 3. Bg2 Bc5 4. Nc3 a6 5. e3 d6 6. Nge2 Ba7 7. d4 Nf6 8. d5 Ne7 9. b4 O-O 10. O-O Ng6 11. Bb2 h5 12. Nc1 h4 13. Nb3 hxg3 14. hxg3 Ng4 15. c5 Qg5 16. Re1 Qh6 17. Qd2 Qh2+ 18. Kf1 f5 19. Ne2 Bd7 20. a4 f4 21. exf4 exf4 22. Qc3 N4e5 23. gxf4 Nxf4 24. Qg3 Qxg2+ 25. Qxg2 Nxg2 26. Kxg2 Nd3 27. Bd4 Nxe1+ 28. Rxe1 Bxa4 29. Na5 b6 30. cxb6 Bxb6 31. Bxb6 cxb6 32. Nc4 Rad8 33. Nxb6 Bb5 34. Nd4 Rb8 35. Nxb5 Rxb6 36. Nc7 Rxb4 37. Re2 a5 38. Ne8 Rb6 39. Re7 Rxe8 40. Rxe8+ Kf7 41. Re4 Rb5 42. Rf4+ Kg6 43. Rd4 Kf5 44. Rd3 a4 45. Rf3+ Ke5 46. Rf7 Ra5 47. Rxg7 a3 48. Re7+ Kxd5 49. Re1 a2 50. Ra1 Kc4 51. f4 Kb3 52. Kf3 Kb2 53. Rxa2+ Kxa2 54. Ke4 Kb3 55. f5 Kc4 {[W: 0:02:15; B: 0:09:44]} 0-1

[Event "4NCL Online Division 1"]
[Site "online"]
[Date "2021.03.09"]
[EventDate "2021.03.09"]
[Round "4.142"]
[White "Brady, Stephen"]
[WhiteTitle "FM"]
[WhiteElo "2240"]
[WhiteTeam "St Benildus A"]
[Black "Berry, Neil"]
[BlackTitle "FM"]
[BlackElo "2315"]
[BlackTeam "Alba"]
[Result "1-0"]
[PlyCount "53"]

1. Nf3 d5 2. c4 c6 3. g3 Nf6 4. Bg2 dxc4 5. O-O Nbd7 6. Na3 Nb6 7. Ne5 Qd4 8. Nexc4 Nxc4 9. Qa4 e5 10. Nxc4 Bd7 11. e3 Qc5 12. d4 exd4 13. exd4 Qb4 14. Qc2 Be7 15. Bd2 Qb5 16. Rfe1 Be6 17. b3 O-O 18. a4 Qa6 19. Bf1 b5 20. Ne5 Qb7 21. Qxc6 Qxc6 22. Nxc6 Bd6 23. axb5 Bxb3 24. Rxa7 Nd5 25. Rxa8 Rxa8 26. Na5 Ba4 27. Bg2 {[W: 0:16:42; B: 0:01:14]} 1-0

[Event "4NCL Online Division 1"]
[Site "online"]
[Date "2021.03.09"]
[EventDate "2021.03.09"]
[Round "4.143"]
[White "Olson, Hamish"]
[WhiteTitle "FM"]
[WhiteElo "2275"]
[WhiteTeam "Alba"]
[Black "Venkatesan, Kavin"]
[BlackElo "2065"]
[BlackTeam "St Benildus A"]
[Result "0-1"]
[PlyCount "70"]

1. e4 c5 2. Nf3 d6 3. d4 cxd4 4. Nxd4 Nf6 5. Nc3 a6 6. Be2 e5 7. Nb3 Be6 8. O-O Be7 9. Re1 O-O 10. Bf3 Qc7 11. a4 Rd8 12. Nd5 Nxd5 13. exd5 Bf5 14. c3 Nd7 15. a5 Rac8 16. Be3 Bf6 17. Be2 Bg6 18. Bg4 Be7 19. Bb6 Nxb6 20. axb6 Qxb6 21. Bxc8 Rxc8 22. Ra4 f5 23. Rb4 Qc7 24. Qa1 Bd8 25. Nd2 Qe7 26. Rc4 Ra8 27. Nb3 Bf7 28. Rd1 a5 29. Ra4 b5 30. Rxa5 Bxa5 31. Nxa5 Qg5 32. b4 Bh5 33. Qc1 f4 34. Re1 Bf3 35. g3 Qg4 {[W: 0:10:57; B: 0:18:03]} 0-1

[Event "4NCL Online Division 1"]
[Site "online"]
[Date "2021.03.09"]
[EventDate "2021.03.09"]
[Round "4.144"]
[White "McHugh, Kevin"]
[WhiteElo "2005"]
[WhiteTeam "St Benildus A"]
[Black "MacQueen, Calum"]
[BlackElo "2231"]
[BlackTeam "Alba"]
[Result "0-1"]
[PlyCount "96"]

1. e4 c5 2. Nf3 Nc6 3. d4 cxd4 4. Nxd4 e5 5. Nb5 d6 6. N1c3 a6 7. Na3 Be7 8. Nd5 Nf6 9. Nxf6+ Bxf6 10. Nc4 Be7 11. c3 O-O 12. Bd3 Be6 13. O-O b5 14. Ne3 Bg5 15. a4 b4 16. Nd5 Bxc1 17. Rxc1 bxc3 18. bxc3 Bxd5 19. exd5 Nb8 20. f4 Nd7 21. Bf5 exf4 22. Bxd7 Qxd7 23. Rxf4 Rfe8 24. Qd2 Re5 25. Re1 Rae8 26. Rxe5 Rxe5 27. Rb4 h6 28. Rb8+ Kh7 29. Qd3+ g6 30. Qd4 Qc7 31. Rb2 Qa5 32. Rd2 Qd8 33. Rf2 Kg8 34. h3 Qg5 35. c4 Qg3 36. Qd2 Qb3 37. Re2 Rxe2 38. Qxe2 Qxa4 39. c5 Qd4+ 40. Kh1 Qxc5 41. Qe8+ Kg7 42. Qc6 a5 43. Kh2 Kf6 44. Qa8 Kg7 45. Qc6 Qb4 46. Qc1 a4 47. Qa1+ Kg8 48. Qf6 a3 {[W: 0:03:21; B: 0:17:37]} 0-1

[Event "4NCL Online Division 1"]
[Site "online"]
[Date "2021.03.09"]
[EventDate "2021.03.09"]
[Round "4.151"]
[White "Adams, Mark"]
[WhiteElo "2110"]
[WhiteTeam "The Full Ponty"]
[Black "Volovich, Julia"]
[BlackElo "2057"]
[BlackTeam "Poisoned Pawns"]
[Result "1-0"]
[PlyCount "145"]

1. e4 e6 2. d4 d5 3. Nc3 Bb4 4. e5 Ne7 5. Bd2 b6 6. f4 Ba6 7. Bxa6 Nxa6 8. Nf3 h5 9. a3 Bxc3 10. Bxc3 Nf5 11. Qe2 Nb8 12. Qf2 Nc6 13. O-O Nce7 14. a4 Rc8 15. b4 O-O 16. a5 Nh6 17. h3 Nef5 18. g3 Qe7 19. Be1 Rfd8 20. b5 c5 21. bxc6 Rxc6 22. axb6 axb6 23. c3 Rcc8 24. Kh2 Ra8 25. Bd2 Ra3 26. Rfb1 Rxa1 27. Rxa1 Qb7 28. Qe2 Ne7 29. Qa6 Qxa6 30. Rxa6 Rb8 31. Kg2 Nc6 32. Kf2 Na5 33. Be1 Kf8 34. Ke2 Nf5 35. g4 hxg4 36. hxg4 Ne7 37. Ra7 Nec6 38. Rc7 Nd8 39. Ra7 Ndb7 40. Ra6 Nd8 41. f5 Ke7 42. Bh4+ Kd7 43. Bxd8 Kxd8 44. Ng5 exf5 45. gxf5 Ke7 46. Ra7+ Rb7 47. Rxb7+ Nxb7 48. Nh3 f6 49. Nf4 fxe5 50. dxe5 Nc5 51. Nxd5+ Kf7 52. e6+ Ke8 53. Nxb6 Ne4 54. c4 Ng3+ 55. Kd3 Nxf5 56. Nd5 g5 57. Ke4 Nd6+ 58. Kd4 g4 59. c5 g3 60. cxd6 g2 61. Nc7+ Kf8 62. e7+ Kg7 63. e8=Q g1=Q+ 64. Kd5 Qg2+ 65. Ke6 Qg4+ 66. Ke7 Qh4+ 67. Kd7 Qa4+ 68. Kd8 Qa7 69. Qe6 Qb8+ 70. Kd7 Qb7 71. Qd5 Qb4 72. Ne6+ Kf7 73. Qf5+ {[W: 0:01:34; B: 0:00:29]} 1-0

[Event "4NCL Online Division 1"]
[Site "online"]
[Date "2021.03.09"]
[EventDate "2021.03.09"]
[Round "4.152"]
[White "Srivastava, Arnav"]
[WhiteElo "1971"]
[WhiteTeam "Poisoned Pawns"]
[Black "Gilbert, Jonathan A."]
[BlackElo "1985"]
[BlackTeam "The Full Ponty"]
[Result "1/2-1/2"]
[PlyCount "110"]

1. d4 Nf6 2. c4 g6 3. Nc3 Bg7 4. e4 d6 5. Nf3 O-O 6. Be2 e5 7. dxe5 dxe5 8. Qxd8 Rxd8 9. Bg5 c6 10. O-O Nbd7 11. Rfd1 Re8 12. b4 h6 13. Bh4 g5 14. Bg3 Nh5 15. Nd2 Nf4 16. Bg4 Nf8 17. Bxc8 Raxc8 18. c5 Rcd8 19. Nc4 N8e6 20. Nd6 Re7 21. f3 Red7 22. Be1 Nd4 23. Kf2 Bf8 24. g3 Nfe6 25. Nc4 f6 26. Ne2 Nc2 27. Rxd7 Rxd7 28. Rc1 Ncd4 29. Bc3 Nxe2 30. Kxe2 Nd4+ 31. Bxd4 Rxd4 32. a3 g4 33. Rc3 gxf3+ 34. Kxf3 Kf7 35. Na5 Rd7 36. g4 Kg6 37. Nc4 h5 38. h3 hxg4+ 39. Kxg4 Rd4 40. Kf3 Kg5 41. Na5 Rd7 42. Nc4 Rd4 43. Ne3 Rd2 44. Nf5 Kg6 45. h4 Bh6 46. Kg4 Bf4 47. h5+ Kh7 48. Kf3 Bg5 49. Kg4 Bf4 50. Nd6 Kg7 51. Nxb7 Rg2+ 52. Kh3 Rh2+ 53. Kg4 Rg2+ 54. Kh4 Rh2+ 55. Kg4 Rg2+ {[W: 0:00:57; B: 0:02:03]} 1/2-1/2

[Event "4NCL Online Division 1"]
[Site "online"]
[Date "2021.03.09"]
[EventDate "2021.03.09"]
[Round "4.153"]
[White "Fletcher, John"]
[WhiteElo "2042"]
[WhiteTeam "The Full Ponty"]
[Black "Weersing, Abigail Riis"]
[BlackElo "1867"]
[BlackTeam "Poisoned Pawns"]
[Result "1/2-1/2"]
[PlyCount "153"]

1. e4 e6 2. d4 d5 3. Nc3 dxe4 4. Nxe4 Nd7 5. Nf3 Ngf6 6. Nxf6+ Nxf6 7. Bd3 Be7 8. c3 O-O 9. Bf4 c5 10. O-O b6 11. Qe2 Bb7 12. dxc5 Bxc5 13. Rad1 Qc8 14. Be5 Be7 15. Nd4 Qc5 16. b4 Qxc3 17. Nxe6 Qc6 18. Nf4 Bxb4 19. Bb5 Qe4 20. Qxe4 Nxe4 21. Nh5 Bc3 22. Bf4 Rad8 23. Bc7 Rd4 24. f3 Nd2 25. Be5 Nxf3+ 26. gxf3 Rxd1 27. Bxc3 Rd5 28. Bxg7 Rg5+ 29. Kf2 Rc8 30. Be2 Rc2 31. Bf6 Rxh5 32. Rg1+ Kf8 33. Rd1 Rd5 34. Rxd5 Bxd5 35. Ke3 Rxa2 36. h4 Ra3+ 37. Kf4 Bc6 38. h5 Ra5 39. h6 Ke8 40. Bd3 Rh5 41. Bg7 f5 42. Bxf5 Rxf5+ 43. Kxf5 Bxf3 44. Ke6 Be2 45. Kd6 b5 46. Kc5 Kf7 47. Kb4 Kg6 48. Ka5 Kf5 49. Kb4 Ke6 50. Ka5 Kd5 51. Kb4 Kc6 52. Bd4 a6 53. Bg7 Kd5 54. Bf6 Ke6 55. Bg7 Kd5 56. Bf6 Kd6 57. Bg7 Bc4 58. Bc3 Kd5 59. Ka5 Kc5 60. Bg7 Bd3 61. Bf8+ Kc4 62. Bb4 Bf5 63. Bf8 Be4 64. Bb4 Bb7 65. Bf8 Bc8 66. Bb4 Kd5 67. Bf8 Ke6 68. Bb4 Kf7 69. Bc3 Kg6 70. Bg7 Kf7 71. Kb4 Bd7 72. Ka5 Bc8 73. Kb4 Ke6 74. Ka5 Kd5 75. Bf8 Kc4 76. Bb4 Kd5 77. Bf8 {[W: 0:05:58; B: 0:00:40]} 1/2-1/2

[Event "4NCL Online Division 1"]
[Site "online"]
[Date "2021.03.09"]
[EventDate "2021.03.09"]
[Round "4.154"]
[White "Zheng, Harry Z"]
[WhiteElo "1941"]
[WhiteTeam "Poisoned Pawns"]
[Black "Jones, Ian Robert"]
[BlackElo "2047"]
[BlackTeam "The Full Ponty"]
[Result "1/2-1/2"]
[PlyCount "301"]

1. e4 e5 2. Nf3 d6 3. d4 exd4 4. Nxd4 Nf6 5. Nc3 Be7 6. Bf4 O-O 7. Be2 Re8 8. O-O Bf8 9. f3 c6 10. Nb3 Be6 11. Qd2 d5 12. exd5 Nxd5 13. Nxd5 Qxd5 14. Rad1 Qxd2 15. Rxd2 Nd7 16. Nd4 Bc5 17. Kh1 Bxd4 18. Rxd4 Bxa2 19. Rxd7 Rxe2 20. Rxb7 Rxc2 21. Ra1 Bd5 22. h3 h6 23. b4 Bc4 24. Bb8 Rb2 25. Kg1 a6 26. Ra5 Bb5 27. Ra1 Bc4 28. Rc1 Bd5 29. Rc5 Rb1+ 30. Kf2 Ra1 31. h4 Ra2+ 32. Kg1 Ra4 33. Kf2 a5 34. b5 Rb4 35. b6 Rb5 36. Bd6 Rb2+ 37. Kg3 Rd8 38. Bc7 Re8 39. Ra7 g5 40. b7 Kh7 41. b8=Q Rexb8 42. Bxb8 Rxb8 43. hxg5 hxg5 44. Rcxa5 Rb2 45. Rc5 Kg6 46. Ra6 f6 47. Ra1 g4 48. Kxg4 Rxg2+ 49. Kf4 Rg5 50. Rc3 Rf5+ 51. Kg4 Rh5 52. Ra7 Rh1 53. Ra6 Rh5 54. f4 Be6+ 55. f5+ Rxf5 56. Rcxc6 Bd5 57. Rd6 Bf3+ 58. Kg3 Bh5 59. Ra7 Rg5+ 60. Kh4 Rg4+ 61. Kh3 Rg5 62. Rd8 Bg4+ 63. Kg3 Be6+ 64. Kf4 Rf5+ 65. Ke4 Re5+ 66. Kd4 Kf5 67. Rh7 Kg6 68. Rh2 Rg5 69. Rh4 Rg2 70. Ke3 Rg3+ 71. Kf4 Rg5 72. Rd6 Re5 73. Rh2 Bd5 74. Rd2 Rf5+ 75. Ke3 Re5+ 76. Kd4 Be6 77. Rf2 Bf5 78. Rg2+ Kf7 79. Rb2 Bg4 80. Rbb6 Be6 81. Rb7+ Kg6 82. Rc7 Re1 83. Rb6 f5 84. Rcc6 Kf6 85. Kd3 Re5 86. Rb4 Re1 87. Kd2 Re5 88. Rcb6 Rd5+ 89. Ke3 Re5+ 90. Kf4 Re1 91. Rd6 Rf1+ 92. Ke3 Re1+ 93. Kf2 Re5 94. Rdb6 Rc5 95. Ke3 Re5+ 96. Kf2 Rc5 97. Ra4 Re5 98. Rh4 Kg5 99. Rhb4 Kf6 100. R6b5 Rxb5 101. Rxb5 Bc4 102. Rc5 Bd3 103. Ke3 Be4 104. Kf4 Ke6 105. Re5+ Kf6 106. Ra5 Ke6 107. Kg5 Kd6 108. Ra1 Kd5 109. Kf4 Ke6 110. Rd1 Bd5 111. Rd4 Be4 112. Rd8 Ke7 113. Rh8 Ke6 114. Rh6+ Kd5 115. Rf6 Kd4 116. Rd6+ Kc5 117. Rd8 Kc4 118. Ke3 Kc5 119. Rd1 Bd5 120. Kf4 Be4 121. Ke5 Kc6 122. Rc1+ Kb6 123. Kd4 Kb5 124. Rc8 Kb6 125. Ke5 Kb5 126. Kd4 Kb6 127. Rc5 Kb7 128. Ke5 Kb6 129. Kd6 Ka6 130. Kc7 Bd3 131. Rc3 Be4 132. Rb3 Ka5 133. Kd6 Ka4 134. Rb6 Bd3 135. Kc5 Be4 136. Kc4 Ka5 137. Rb5+ Ka6 138. Rb2 Ka5 139. Rb3 Ka6 140. Kc5 Ka7 141. Rb6 Bg2 142. Rb5 Be4 143. Rb6 Bg2 144. Rf6 Be4 145. Kb5 Bd3+ 146. Kc6 Be4+ 147. Kc7 Bd3 148. Rd6 Be4 149. Rb6 Bd3 150. Rb3 Bc4 151. Ra3+ {[W: 0:02:11; B: 0:01:37]} 1/2-1/2

[Event "4NCL Online Division 1"]
[Site "online"]
[Date "2021.03.09"]
[EventDate "2021.03.09"]
[Round "4.161"]
[White "Ophoff, Jacques"]
[WhiteTitle "CM"]
[WhiteElo "2256"]
[WhiteTeam "Dundee City A"]
[Black "Lindner, Daniel"]
[BlackTitle "CM"]
[BlackElo "2240"]
[BlackTeam "Kent KJCA Kestrels A"]
[Result "1/2-1/2"]
[PlyCount "47"]

1. d4 Nf6 2. c4 e6 3. Nc3 c5 4. d5 exd5 5. cxd5 d6 6. e4 g6 7. Nf3 Bg7 8. h3 O-O 9. Bd3 b5 10. Bxb5 Nxe4 11. Nxe4 Qa5+ 12. Nfd2 Qxb5 13. Nxd6 Qa6 14. N2c4 Nd7 15. O-O Ne5 16. Nxc8 Raxc8 17. Nxe5 Bxe5 18. Re1 Qd6 19. Bh6 Rfd8 20. Qe2 Bd4 21. Qf3 Bxb2 22. Rab1 Bg7 23. Bf4 Qf6 24. Qe4 {[W: 0:34:06; B: 0:43:36]} 1/2-1/2

[Event "4NCL Online Division 1"]
[Site "online"]
[Date "2021.03.09"]
[EventDate "2021.03.09"]
[Round "4.162"]
[White "Bansal, Rohan"]
[WhiteElo "2156"]
[WhiteTeam "Kent KJCA Kestrels A"]
[Black "Shafi, Declan"]
[BlackElo "2150"]
[BlackTeam "Dundee City A"]
[Result "1-0"]
[PlyCount "99"]

1. d4 Nf6 2. c4 g6 3. Nc3 Bg7 4. Nf3 O-O 5. Bf4 d6 6. e3 Nbd7 7. Be2 b6 8. O-O Bb7 9. h3 Ne4 10. Nxe4 Bxe4 11. Nd2 Bb7 12. Bf3 Qc8 13. Qc2 Re8 14. Bxb7 Qxb7 15. Nf3 c5 16. Rad1 b5 17. b3 a5 18. a4 cxd4 19. axb5 e5 20. Bg3 f5 21. exd4 f4 22. Bh2 e4 23. Ne1 g5 24. f3 e3 25. Qe2 a4 26. bxa4 Rxa4 27. g3 Bh6 28. Ng2 Qa7 29. Rfe1 Ra2 30. Qd3 e2 31. Rd2 Rxd2 32. Qxd2 Bg7 33. Rxe2 Bxd4+ 34. Kf1 Qa1+ 35. Qe1 Qxe1+ 36. Rxe1 Rxe1+ 37. Nxe1 Be5 38. gxf4 gxf4 39. Nd3 Kf7 40. Ke2 Bd4 41. Bxf4 Ke6 42. Be3 Bf6 43. b6 Bd8 44. Nf4+ Ke5 45. Nd5 Nb8 46. b7 Na6 47. Nb4 Nb8 48. Ba7 Bc7 49. Bxb8 Bxb8 50. Nc6+ {[W: 0:01:45; B: 0:01:37]} 1-0

[Event "4NCL Online Division 1"]
[Site "online"]
[Date "2021.03.09"]
[EventDate "2021.03.09"]
[Round "4.163"]
[White "Spencer, Edwin A"]
[WhiteElo "2121"]
[WhiteTeam "Dundee City A"]
[Black "Jugand, Jean-Baptiste"]
[BlackElo "2133"]
[BlackTeam "Kent KJCA Kestrels A"]
[Result "1/2-1/2"]
[PlyCount "78"]

1. e4 c5 2. Nf3 Nc6 3. g3 e5 4. Bg2 Bd6 5. O-O Nf6 6. Re1 O-O 7. c3 Bc7 8. d4 d6 9. Na3 a6 10. h3 b5 11. Nc2 Bb7 12. Nh4 h6 13. Be3 cxd4 14. cxd4 Rc8 15. d5 Ne7 16. a4 bxa4 17. Rxa4 Qd7 18. Ra3 Nh7 19. g4 Bd8 20. Nf5 Nxf5 21. gxf5 Ng5 22. Bd2 Bb6 23. Rg3 f6 24. h4 Nf7 25. Qg4 Nd8 26. Bxh6 Rxc2 27. Bxg7 Bxf2+ 28. Kh1 Qf7 29. Bxf6+ Kh7 30. Qg7+ Qxg7 31. Rxg7+ Kh6 32. Rg6+ Kh7 33. Rf1 Rxb2 34. Bh3 a5 35. h5 Ba6 36. Rg7+ Kh6 37. Rg6+ Kh7 38. Rg7+ Kh6 39. Rg6+ Kh7 {[W: 0:12:23; B: 0:11:15]} 1/2-1/2

[Event "4NCL Online Division 1"]
[Site "online"]
[Date "2021.03.09"]
[EventDate "2021.03.09"]
[Round "4.164"]
[White "Ismail, Mohammed Aayan"]
[WhiteElo "2042"]
[WhiteTeam "Kent KJCA Kestrels A"]
[Black "Hogg, Stephen William"]
[BlackElo "2027"]
[BlackTeam "Dundee City A"]
[Result "1-0"]
[PlyCount "121"]

1. c4 e6 2. Nc3 d5 3. e3 Nf6 4. Nf3 Be7 5. d4 O-O 6. Bd3 dxc4 7. Bxc4 a6 8. O-O b5 9. Bd3 Bb7 10. a3 c5 11. dxc5 Bxc5 12. b4 Be7 13. Bb2 Nbd7 14. Ne2 Rc8 15. Ng3 Qc7 16. Rc1 Qb8 17. Qe2 Nd5 18. Rc2 Rxc2 19. Qxc2 g6 20. Qd2 Rd8 21. Rd1 N5f6 22. Qe2 Ng4 23. e4 Nde5 24. h3 Nxf3+ 25. Qxf3 Ne5 26. Qf4 Nxd3 27. Qxb8 Rxb8 28. Rxd3 Rd8 29. Rd4 f6 30. Rxd8+ Bxd8 31. Bd4 Kf7 32. f3 Be7 33. Ne2 e5 34. Bc3 Ke6 35. Kf2 Bd8 36. Ke3 Bb6+ 37. Kd3 Kd6 38. Nc1 Bc8 39. Kd2 Be6 40. Nd3 Bc4 41. g3 h5 42. f4 Bd4 43. Bxd4 exd4 44. Nc5 f5 45. e5+ Kd5 46. Nxa6 h4 47. gxh4 Ke4 48. Nc7 Kxf4 49. e6 Kg3 50. e7 Bf7 51. Nxb5 f4 52. Nxd4 Be8 53. b5 f3 54. b6 f2 55. b7 f1=Q 56. b8=Q+ Qf4+ 57. Qxf4+ Kxf4 58. Ne6+ Kg3 59. Ng7 Bb5 60. e8=Q Bxe8 61. Nxe8 {[W: 0:09:46; B: 0:02:27]} 1-0

[Event "4NCL Online Division 1"]
[Site "online"]
[Date "2021.03.23"]
[EventDate "2021.03.23"]
[Round "5.11"]
[White "Graham, David B"]
[WhiteElo "2265"]
[WhiteTeam "Sussex Social Isolators"]
[Black "Bates, Richard A"]
[BlackTitle "IM"]
[BlackElo "2429"]
[BlackTeam "Blackthorne Russia"]
[Result "1-0"]
[PlyCount "137"]

1. e4 c5 2. Nf3 d6 3. d4 cxd4 4. Nxd4 Nf6 5. Nc3 a6 6. Be2 e5 7. Nb3 Be7 8. g4 h6 9. h4 Be6 10. g5 hxg5 11. Bxg5 b5 12. Qd3 Bc4 13. Qd2 Nc6 14. O-O-O Bxb3 15. axb3 Nd4 16. Be3 b4 17. Bxd4 bxc3 18. Bxc3 Nxe4 19. Qe3 Nxc3 20. Qxc3 Qb6 21. Bc4 Bf6 22. Qd3 Ke7 23. f4 Rhd8 24. Qd5 Rf8 25. Rhe1 Qc7 26. Re2 Rad8 27. Rde1 g6 28. h5 Rd7 29. hxg6 fxg6 30. Kb1 Bg7 31. fxe5 Bxe5 32. Qe6+ Kd8 33. Qxg6 Qc5 34. Qe4 Kc7 35. Bxa6 Rb8 36. Qc4 Qxc4 37. Bxc4 Ra8 38. Re4 Kb6 39. Bd5 Ra5 40. Rd1 Rda7 41. Rb4+ Kc7 42. c3 Kd7 43. Kc2 Ke7 44. Rb7+ Rxb7 45. Bxb7 Ke6 46. b4 Rb5 47. Bc6 Rb8 48. b5 Ke7 49. Rh1 Bg3 50. c4 Bf2 51. b4 Ke6 52. Kd3 Bb6 53. Rh6+ Ke5 54. Rh5+ Kf4 55. c5 dxc5 56. bxc5 Bc7 57. Rh7 Rd8+ 58. Kc4 Be5 59. b6 Rd1 60. Rh4+ Kg5 61. Re4 Kf5 62. Kb5 Rb1+ 63. Rb4 Rxb4+ 64. Kxb4 Ke6 65. Kb5 Ke7 66. Bf3 Kd8 67. Bg4 Bd4 68. c6 Be5 69. Ka6 {[W: 0:01:15; B: 0:00:43]} 1-0

[Event "4NCL Online Division 1"]
[Site "online"]
[Date "2021.03.23"]
[EventDate "2021.03.23"]
[Round "5.12"]
[White "Taylor, Adam A"]
[WhiteElo "2294"]
[WhiteTeam "Blackthorne Russia"]
[Black "Cumming, Rhys"]
[BlackTitle "FM"]
[BlackElo "2314"]
[BlackTeam "Sussex Social Isolators"]
[Result "1-0"]
[PlyCount "131"]

1. Nf3 Nf6 2. g3 g6 3. Bg2 Bg7 4. O-O O-O 5. d4 d6 6. Nc3 d5 7. Bf4 c6 8. Qd2 Bf5 9. Rad1 Ne4 10. Nxe4 Bxe4 11. Bh6 Nd7 12. c3 Qb6 13. Bxg7 Kxg7 14. Bh3 e6 15. Nh4 Qd8 16. f3 Bf5 17. Bg2 h5 18. h3 g5 19. Nxf5+ exf5 20. e4 Qf6 21. exd5 cxd5 22. f4 g4 23. h4 Nb6 24. b3 Rfe8 25. Rfe1 Qc6 26. Re5 f6 27. Rxe8 Rxe8 28. c4 Qe6 29. c5 Nc8 30. Kf2 Kf7 31. Re1 Qxe1+ 32. Qxe1 Rxe1 33. Kxe1 Ke6 34. Kd2 a5 35. Kc3 Na7 36. Bf1 Ke7 37. Bd3 Ke6 38. a3 Nc8 39. Bb5 Ke7 40. b4 axb4+ 41. axb4 Kd8 42. Kb3 Ne7 43. Ka4 Nc8 44. Ka5 Ke7 45. Bd3 Ke6 46. b5 b6+ 47. cxb6 Nd6 48. Ka6 Kd7 49. Ka7 Nc8+ 50. Kb7 Kd8 51. Kc6 Ne7+ 52. Kd6 Nc8+ 53. Kxd5 Nxb6+ 54. Ke6 Kc7 55. d5 Nc8 56. Bxf5 Nb6 57. d6+ Kd8 58. Kxf6 Nc4 59. Ke6 Na3 60. b6 Nb5 61. b7 Nd4+ 62. Kd5 Nxf5 63. b8=Q+ Kd7 64. Qc7+ Ke8 65. d7+ Ke7 66. d8=Q# {[W: 0:02:57; B: 0:01:13]} 1-0

[Event "4NCL Online Division 1"]
[Site "online"]
[Date "2021.03.23"]
[EventDate "2021.03.23"]
[Round "5.13"]
[White "Grant, David J"]
[WhiteElo "2190"]
[WhiteTeam "Sussex Social Isolators"]
[Black "Duncan, Chris R"]
[BlackTitle "FM"]
[BlackElo "2278"]
[BlackTeam "Blackthorne Russia"]
[Result "1/2-1/2"]
[PlyCount "71"]

1. e4 c5 2. Nf3 d6 3. d4 cxd4 4. Nxd4 Nf6 5. Nc3 g6 6. Be3 Bg7 7. f3 O-O 8. Qd2 Nc6 9. Bc4 Bd7 10. h4 Rc8 11. Bb3 Ne5 12. O-O-O Nc4 13. Bxc4 Rxc4 14. Kb1 h5 15. b3 Rc8 16. Rhe1 Re8 17. Bg5 Qa5 18. Nd5 Qxd2 19. Rxd2 Nxd5 20. exd5 e5 21. dxe6 fxe6 22. c4 d5 23. cxd5 exd5 24. Rxe8+ Rxe8 25. Ne2 Kf7 26. Kc1 Bb5 27. Kd1 Bxe2+ 28. Rxe2 Rxe2 29. Kxe2 Ke6 30. g4 Bc3 31. Kd3 Be1 32. Bd8 Ke5 33. Bc7+ Ke6 34. Bd8 Ke5 35. Bc7+ Ke6 36. Bd8 {[W: 0:26:27; B: 0:14:07]} 1/2-1/2